000 00577nam a2200217Ia 4500
003 GCL
008 140319s9999 xx 000 0 ara d
040 _aGCL /
_cGCL
082 0 4 _a581.2
_bم ا
245 1 0 _aامراض النبات
300 _a489 ص
490 _a
650 0 4 _aالفواكهة
650 0 4 _aالنباتات الطبية
650 0 4 _aالمحاصيل الزراعية
650 0 4 _aنباتات الزينة
650 0 4 _aالنبات - امراض
650 0 4 _aالنباتات العطرية
650 0 4 _aالحشائش
942 _2ddc
_cBK
999 _c37958
_d37958